000 01117nam a2200241Ia 4500
999 _c37936
_d37936
001 3917
003 GE_BSU
005 20190902165954.0
008 181216s1960||||ge |||||||||||||| ||geo||
040 _cGE_BSU
041 _ageo
080 _a378(470) ტ–37
100 _aტატიშვილი, ი.
_93867
245 _aმოსკოვის უნივერსიტეტი და ქართველი ახალგაზრდობა /
_cრედ. ა. კიკვიძე.
264 _a თბ. :
_bსაბჭ. საქართველო,
_c1960.
300 _a456 გვ. ;
_b22 სმ.
504 _aბიბლიოგრ. ტექსტის შენიშვნებში.
653 _aმოსკოვის უნივერსიტეტი
653 _aქართველი სტუდენტები მოსკოვის უნივერსიტეტში
700 _aდეკანოსიძე, თ.
_eავტორი
_93868
700 _aკიკვიძე, ა.
_eრედაქტორი
_91511
942 _cBK
_2udc